| 000 | 01770 a2200313 4500 | ||
|---|---|---|---|
| 003 | Nust | ||
| 005 | 20221031122042.0 | ||
| 010 | _a 2006286109 | ||
| 020 | _a0852961588 | ||
| 035 | _a(OCoLC)57319158 | ||
| 035 | _a(OCoLC)ocm57319158 | ||
| 040 | _cNust | ||
| 082 | 0 | 4 | _a621.31913,ADV |
| 245 | 0 | 0 |
_aAdvances in high voltage engineering / _cedited by A. Haddad and D.F. Warne. |
| 260 |
_aLondon : _bInstitution of Electrical Engineers, _cc2004. |
||
| 300 |
_axx, 647 p. : _bill. ; _c25 cm. |
||
| 440 | 0 |
_aIEE power and energy series ; _v40 _996390 |
|
| 505 | 0 | 0 | _tMechanisms of air breakdown (Page-1), SF[subscript 6] insulation systems and their monitoring (Page-37), Lightning phenomena and protection systems (Page77), Partial discharges and their measurement (Page-139), ZnO surge arresters (Page-191), Insulators for outdoor applications (Page-257),Overvoltages and insulation coordination on transmission networks (Page-309), Earthing (Page-349), Circuit breakers and interruption (Page-415), Polymer insulated power cable (Page-477), Numerical analysis of electrical fields in high voltage equipment (Page-511), Optical measurement and monitoring in high voltage environments (Page-545), Pulsed power - principles and applications(Page-591), |
| 650 | 0 |
_aAlta tens䡯. _9101941 |
|
| 650 | 0 |
_aEngenharia el⥴rica. _9101942 |
|
| 650 | 0 |
_aHigh voltages. _9100584 |
|
| 650 | 0 | _aTelecommunication Engineering | |
| 700 | 1 |
_aHaddad, A. _9101943 |
|
| 700 | 1 |
_aWarne, D. F. _9101944 |
|
| 710 | 2 | _aInstitution of Electrical Engineers. | |
| 856 | 4 | 2 |
_3Publisher description _uhttp://www.loc.gov/catdir/enhancements/fy0651/2006286109-d.html |
| 856 | 4 | 2 |
_3Table of contents only _uhttp://www.loc.gov/catdir/enhancements/fy0651/2006286109-t.html |
| 942 |
_cREF _2ddc |
||
| 999 |
_c178679 _d178679 |
||